Asian Country A-Z - Statistics

General Stats
  • This quiz has been taken 52 times
  • The average score is 18 of 19
Answer Stats
Letter Country % Correct
C Cambodia / China
100%
J Japan / Jordan
100%
P Pakistan / Philippines
100%
S Saudi Arabia / Singapore / South Korea / Sri Lanka / Syria
100%
I India / Indonesia / Iran / Iraq / Israel
98%
L Laos / Lebanon
98%
M Malaysia / Maldives / Mongolia / Myanmar
98%
O Oman
98%
Q Qatar
98%
T Taiwan / Tajikistan / Thailand / Turkey / Turkmenistan
98%
A Afghanistan / Armenia / Azerbaijan
96%
N Nepal / North Korea
96%
V Vietnam
96%
Y Yemen
96%
B Bahrain / Bangladesh / Bhutan / Brunei
94%
K Kazakhstan / Kuwait / Kyrgyzstan
94%
U United Arab Emirates / Uzbekistan
92%
G Georgia
90%
R Russia
86%
No matching quizzes found
Score Distribution
Percent of People with Each Score
Percentile by Number Answered
Your Score History
You have not taken this quiz